000 00526nam a22001817a 4500
005 20251108171150.0
008 250721s1986 xx 000 0 ara d
082 1 4 _a210.1/احم
100 1 _aجمال، أحمد محمد
245 1 0 _aقضايا معاصرة في محكمة الفكر الإسلامي /
250 _aط2.
264 1 _aالقاهرة :
_bدار الصحوه،
_c1986.
300 _a209ص.
650 1 7 _aالإسلام
650 1 7 _aفلسفة و نظريات
942 _2ddc
_cBK
999 _c58261
_d58261